000 01403nam0a2200373 4500
001 RU\NLR\bibl\1369234
005 20260608063848.0
010 _a978-5-9942-0121-3
_912050
021 _aRU
_b2009-21564
_91275
035 _a(nilc)RSL-KNO-004268147
035 _aRUM0055357
035 _aEL/0000263343
035 _a(NLR Aleph) 001361371
090 _a983360
_c983360
100 _a20090318d2009 |||y0rusy50 ca
101 1 _arus
_cger
102 _aRU
105 _aa |||||||||
200 1 _aЖизнь животных
_iЭкзотические птицы
_e[перевод с немецкого]
_fАльфред Брем
210 _aСанкт-Петербург
_cЛенинградское издательство
_d2009
215 _a287 с., [4] л. цв. ил.
_cил.
_d22
606 1 _aЭкзотические птицы
_jПопулярные издания
_92519551
_3RU\NLR\auth\661493116
686 _aЕ693.35я9
_2rubbk
686 _a34.33.27
_2rugasnti
686 _aЕ693.35я9
700 1 _4070
_7ca
_8rus
_aБрем
_bА. Э.
_f1829-1884
_gАльфред Эдмунд
_9125748
_3RU\NLR\auth\7716106
801 0 _aRU
_bРГБ
_c20090318
_grcr
801 1 _aRU
_bРГБ
_c20090318
801 2 _aRU
_bЦНСХБ РАСХН
_c20090324
801 2 _aRU
_bЦНСХБ РАСХН
_c20090429
_2rusmarc
801 2 _aRU
_bNLR
_c20090515
_grcr
942 _cBOOK
980 _aNB